000 00606nam a2200229Ia 4500
003 OSt
005 20221007064358.0
006 a|||||r|||| 00| 0
007 ta
008 221006b |||||||| |||| 00| 0 eng d
024 _a5,236
037 _cTextual
040 _aFLL
_cFLL
_beng
041 _2eng
_aeng
082 _aZ3:9298, L2
100 _aWade H.W.R. Au.
_9685715
245 0 _aLegal control of government
260 _aDelhi
_bClarendon press oxford India
_c1995
300 _a349p
_ccm.
942 _hZ3:9298, L2
_cTEXL
_2CC
999 _c1133853
_d1133853